[Event "GER-chT U20 Girls"]
[Site "Magdeburg"]
[Date "2023.12.29"]
[Round "5.4"]
[White "Frowein, Jamie"]
[Black "Schuelke, Rosalie"]
[Result "0-1"]
[WhiteElo "1430"]
[BlackElo "1554"]
[PlyCount "76"]
[EventDate "2023.12.26"]
[EventType "team-swiss"]
[EventRounds "7"]
[EventCountry "GER"]
[SourceTitle "CBM 218 Extra"]
[Source "ChessBase"]
[SourceDate "2024.03.31"]
[SourceVersion "1"]
[SourceVersionDate "2024.03.31"]
[SourceQuality "1"]
[WhiteTeam "Garching"]
[BlackTeam "Koenigsjaeger Sued West"]
[WhiteTeamCountry "GER"]
[BlackTeamCountry "GER"]

1. c4 e5 2. Nc3 Nf6 3. Nf3 Nc6 4. e3 Bb4 5. Qc2 Bxc3 6. Qxc3 d6 7. d4 e4 8. Nd2 Bf5 9. Be2 0-0 10. 0-0 Rc8 11. b4 Nb8 12. a4 d5 13. cxd5 Nxd5 14. Qb3 c6 15. Rd1 Qg5 16. Nf1 h5 17. Ng3 Bg6 18. f4 Qh4 19. f5 Bh7 20. Bxh5 Bxf5 21. Rf1 Be6 22. Qd1 g6 23. Be2 Nd7 24. Nh1 Kg7 25. Nf2 Rh8 26. Nh3 Bxh3 27. gxh3 Qxh3 28. Rf2 f5 29. Qf1 Qh4 30. Rg2 Kf7 31. Bg4 N7f6 32. Bd1 Ke7 33. Raa2 Nc3 34. Raf2 Nxd1 35. Qxd1 Ng4 36. Rf4 g5 37. Rxf5 Nxh2 38. Qc2 Qe1+ 0-1

[Event "GER-chT U12 Girls"]
[Site "Willingen"]
[Date "2022.08.14"]
[Round "3.1"]
[White "Mehner, Clara"]
[Black "Schuelke, Rosalie"]
[Result "1/2-1/2"]
[WhiteElo "1150"]
[BlackElo "1297"]
[PlyCount "78"]
[EventDate "2022.08.13"]
[EventType "team-swiss"]
[EventRounds "7"]
[EventCountry "GER"]
[SourceTitle "EXT 2023"]
[Source "ChessBase"]
[SourceDate "2022.10.05"]
[SourceVersion "1"]
[SourceVersionDate "2022.10.05"]
[SourceQuality "1"]
[WhiteTeam "Chemnitz USG"]
[BlackTeam "Weisse Dame"]
[WhiteTeamCountry "GER"]
[BlackTeamCountry "GER"]

1. e4 e6 2. d4 d5 3. exd5 exd5 4. Nf3 Nf6 5. Bd3 Bd6 6. 0-0 0-0 7. Bg5 Bg4 8. Nbd2 Nbd7 9. c3 c6 10. Qc2 Qc7 11. Rfe1 Rfe8 12. h3 Bh5 13. b3 c5 14. c4 a6 15. cxd5 cxd4 16. Qxc7 Bxc7 17. Nxd4 Be5 18. Nf5 Bxa1 19. Rxa1 Nxd5 20. Nd6 Re6 21. Nxb7 Rae8 22. Bc4 Re1+ 23. Rxe1 Rxe1+ 24. Kh2 N7f6 25. Bxa6 Be2 26. Nc5 Bxa6 27. Nxa6 Re6 28. Nc5 Rc6 29. Nd3 h6 30. Bxf6 Nxf6 31. Nc4 Nd5 32. a4 f6 33. Kg3 Kf7 34. Kf3 Ke6 35. Ke4 Nc3+ 36. Kd4 Ne2+ 37. Ke4 Nc3+ 38. Kd4 Ne2+ 39. Ke4 Nc3+ 1/2-1/2

[Event "GER-chT Christmas U20 Girls"]
[Site "Playchess.com INT"]
[Date "2020.12.29"]
[Round "6.3"]
[White "Nguyen, Jenny Ha Linh"]
[Black "Schuelke, Rosalie"]
[Result "0-1"]
[WhiteElo "1368"]
[BlackElo "1407"]
[PlyCount "72"]
[EventDate "2020.12.29"]
[EventType "team-swiss (blitz)"]
[EventRounds "7"]
[EventCountry "GER"]
[SourceTitle "CBM 200 Extra"]
[Source "ChessBase"]
[SourceDate "2021.03.31"]
[SourceVersion "1"]
[SourceVersionDate "2021.03.31"]
[SourceQuality "1"]
[WhiteTeam "Leipzig SG"]
[BlackTeam "Weisse Dame"]
[WhiteTeamCountry "GER"]
[BlackTeamCountry "GER"]

1. e4 e6 2. d4 d5 3. exd5 exd5 4. Bd3 c5 5. c3 Nf6 6. Nf3 Bd6 7. 0-0 0-0 8. Bg5 Bg4 9. dxc5 Bxc5 10. Nbd2 h6 11. Bh4 g5 12. Bg3 Nc6 13. h3 Bh5 14. Re1 Re8 15. Bc2 Re7 16. Nb3 Bb6 17. Qd3 Bg6 18. Qd2 Ne4 19. Bxe4 dxe4 20. Nfd4 Nxd4 21. Nxd4 Rd7 22. Rad1 Qf6 23. Qe2 Bxd4 24. cxd4 Rxd4 25. Rc1 Rad8 26. Red1 Rxd1+ 27. Qxd1 Rxd1+ 28. Rxd1 Qxb2 29. Rd8+ Kh7 30. Re8 Qxa2 31. Be5 f6 32. Bxf6 Bxe8 33. Bd4 Qb1+ 34. Kh2 a5 35. Kg3 a4 36. Bc5 b5 0-1